Compositions de Chelsea - City (2023) - Statistiques

Statistiques générales
  • Ce quiz a été pris 34 fois
  • Le résultat moyen est 17 sur 28
Statistiques - réponses
Postes Joueurs % Correct
G Ederson
93%
DC Dias
89%
MD Foden
89%
BU Haaland
89%
DD James
89%
DC Silva
89%
MOC Silva
89%
MD Palmer
81%
MDC Rodri
78%
DG Cucurella
74%
MDC Fernandez
74%
G Sanchez
74%
MG Doku
70%
DC Walker
70%
MDC Caicedo
67%
DC Gvardiol
63%
MDC Akanji
56%
BU Jackson
52%
MG Sterling
52%
DC Disasi
44%
REMP Grealish
44%
REMP Gusto
44%
REMP Kovacic
41%
MOC Alvarez
30%
MOC Gallagher
26%
REMP Mudryk
26%
REMP Broja
11%
REMP Ugochukwu
4%
Aucun quiz correspondant
Distribution des résultats
% des personnes avec chaque résultat
Percentile par nombre de réponses
Votre historique - résultats
Vous n’avez pas pris ce quiz